[Event "Pan American-ch U20"]
[Site "Bogota"]
[Date "2013.07.15"]
[Round "9"]
[White "Duran Vega, Sergio"]
[Black "Bassan, Remo"]
[Result "0-1"]
[WhiteElo "2286"]
[BlackElo "2344"]
[PlyCount "120"]
[EventDate "2013.07.10"]
[EventType "swiss"]
[EventRounds "9"]
[EventCountry "COL"]
[SourceTitle "CBM 155 Extra"]
[Source "ChessBase"]
[SourceDate "2013.08.26"]
[SourceVersion "1"]
[SourceVersionDate "2013.08.26"]
[SourceQuality "1"]

1. e4 c6 2. d4 d5 3. Nc3 dxe4 4. Nxe4 Nd7 5. Nf3 Ngf6 6. Ng3 e6 7. Bc4 Nb6 8. Bd3 c5 9. c3 cxd4 10. Nxd4 Bc5 11. Nb3 Be7 12. Qe2 Qc7 13. 0-0 0-0 14. Ne4 Nbd5 15. Bg5 Rd8 16. Rad1 h6 17. Nxf6+ Nxf6 18. Bh4 Bd7 19. Nd4 Qa5 20. h3 Kf8 21. Rfe1 Re8 22. b4 Qc7 23. Qb2 Rac8 24. c4 Ba4 25. Rb1 Red8 26. Bf1 Qd7 27. Nf3 Bc6 28. Ne5 Qd4 29. Nxc6 Rxc6 30. Bg3 Qxb2 31. Rxb2 Ra6 32. Be5 Ra4 33. Reb1 Ne4 34. Bf4 Nc3 35. Rc1 Bf6 36. Rd2 Rxd2 37. Bxd2 Nxa2 38. Rb1 Bc3 39. Bxc3 Nxc3 40. Rc1 Na2 41. Ra1 Ke7 42. f3 Kd6 43. c5+ Kd5 44. Bd3 Kc6 45. Bc2 Ra3 46. Bb1 Kb5 47. Rxa2 Rxa2 48. Bxa2 Kxb4 49. c6 bxc6 50. Kf2 Kc3 51. Ke3 a5 52. f4 c5 53. f5 exf5 54. Bxf7 c4 55. Be8 f4+ 56. Ke2 g5 57. Kd1 Kb2 58. Ba4 c3 59. Bc2 h5 60. Bg6 a4 0-1

[Event "VEN-ch"]
[Site "Caracas"]
[Date "2012.12.09"]
[Round "3"]
[White "Bassan, Remo"]
[Black "Martinez Reyes, Pedro Ramon"]
[Result "1-0"]
[WhiteElo "2292"]
[BlackElo "2206"]
[PlyCount "91"]
[EventDate "2012.12.08"]
[EventType "tourn"]
[EventRounds "9"]
[EventCountry "VEN"]
[SourceTitle "EXT 2014"]
[Source "ChessBase"]
[SourceDate "2013.11.20"]
[SourceVersion "1"]
[SourceVersionDate "2013.11.20"]
[SourceQuality "1"]

1. c4 Nf6 2. Nc3 c6 3. e4 d5 4. exd5 cxd5 5. d4 e6 6. c5 Be7 7. Nf3 0-0 8. Bf4 Nc6 9. Bb5 Bd7 10. 0-0 Nh5 11. Bg3 Nxg3 12. hxg3 Bf6 13. Re1 Re8 14. Rb1 g6 15. b4 Bg7 16. a4 a6 17. Bxc6 bxc6 18. Qd3 e5 19. Qd2 exd4 20. Nxd4 Qf6 21. Red1 Bf5 22. Rbc1 Reb8 23. b5 axb5 24. axb5 Qxd4 25. Qxd4 Bxd4 26. Rxd4 Ra5 27. Rdd1 Be6 28. bxc6 Rc8 29. Nxd5 Bxd5 30. Rxd5 Rxc6 31. g4 f6 32. f4 Kf7 33. Rd7+ Ke6 34. Rxh7 Raxc5 35. Re1+ Kd5 36. Rd7+ Kc4 37. Rc1+ Kb5 38. Rxc5+ Kxc5 39. Rg7 f5 40. gxf5 gxf5 41. Rf7 Kd5 42. Rxf5+ Ke4 43. Rf8 Rh6 44. Kf2 Rh7 45. g4 Rh4 46. Kg3 1-0

[Event "VEN-ch"]
[Site "Caracas"]
[Date "2012.12.08"]
[Round "1"]
[White "Bassan, Remo"]
[Black "Pinero Salas, Carlos Julio"]
[Result "1-0"]
[WhiteElo "2292"]
[BlackElo "2168"]
[PlyCount "99"]
[EventDate "2012.12.08"]
[EventType "tourn"]
[EventRounds "9"]
[EventCountry "VEN"]
[SourceTitle "EXT 2014"]
[Source "ChessBase"]
[SourceDate "2013.11.20"]
[SourceVersion "1"]
[SourceVersionDate "2013.11.20"]
[SourceQuality "1"]

1. e4 c5 2. Nf3 e6 3. c4 a6 4. Nc3 Qc7 5. a3 Nc6 6. d4 cxd4 7. Nxd4 Nf6 8. Be3 d6 9. Be2 Be7 10. 0-0 Ne5 11. Rc1 b6 12. f4 Ned7 13. Bf3 Bb7 14. f5 e5 15. Nd5 Qd8 16. Ne6 fxe6 17. fxe6 Nc5 18. Bh5+ g6 19. Nxf6+ Bxf6 20. Bxc5 bxc5 21. Rxf6 Qxf6 22. Qa4+ Kf8 23. Rf1 Qxf1+ 24. Kxf1 Rd8 25. Qa5 Kg7 26. Qc7+ Kh6 27. e7 Rc8 28. Qxb7 gxh5 29. Qd7 Rhe8 30. Qxd6+ Kg7 31. Qe6 Rb8 32. Qxe5+ Kf7 33. b4 cxb4 34. axb4 Rb6 35. Qxh5+ Rg6 36. Qxh7+ Rg7 37. Qf5+ Kxe7 38. Kg1 Rf7 39. Qd5 Rd8 40. Qe5+ Kf8 41. h3 Rd2 42. Qh8+ Ke7 43. Qh4+ Kd7 44. Qg5 Rff2 45. h4 Rb2 46. Qd5+ Ke7 47. Qc5+ Ke6 48. Qxf2 Rxf2 49. Kxf2 a5 50. bxa5 1-0

[Event "Guarenas Martinez Memorial"]
[Site "Guarenas"]
[Date "2012.10.28"]
[Round "5"]
[White "Ortega Amarelle, Mariano"]
[Black "Bassan, Remo"]
[Result "1-0"]
[WhiteElo "2454"]
[BlackElo "2260"]
[PlyCount "97"]
[EventDate "2012.10.25"]
[EventType "swiss"]
[EventRounds "9"]
[EventCountry "VEN"]
[SourceTitle "EXT 2013"]
[Source "ChessBase"]
[SourceDate "2012.11.22"]
[SourceVersion "1"]
[SourceVersionDate "2012.11.22"]
[SourceQuality "1"]

1. d4 Nf6 2. c4 e6 3. g3 c5 4. Nf3 d5 5. cxd5 Nxd5 6. Bg2 cxd4 7. 0-0 Bc5 8. Nxd4 0-0 9. Nb3 Bb6 10. Na3 a5 11. e4 Nb4 12. Nc4 Bc7 13. Be3 N8c6 14. a3 Nd3 15. Qc2 b5 16. Ncxa5 Nxa5 17. Rfd1 Nxb3 18. Qxb3 e5 19. Rxd3 Qe7 20. Qxb5 Ba6 21. Qd7 Qf6 22. Rc3 Ba5 23. Rc6 Bb5 24. Rxf6 Bxd7 25. Rd6 Be6 26. Rc1 Rfd8 27. Rxd8+ Bxd8 28. Bf1 h5 29. Bc4 Bg4 30. Kg2 h4 31. h3 Bd7 32. Bd5 Ra6 33. g4 Kf8 34. Bb7 Ra4 35. b3 Ra5 36. Bc8 Be8 37. a4 Bxa4 38. bxa4 Rxa4 39. Bb7 Ra2 40. Bd5 Rb2 41. Rc8 Ke7 42. Ra8 Rc2 43. Ra7+ Rc7 44. Bg5+ f6 45. Rxc7+ Bxc7 46. Bxh4 Ba5 47. g5 Bd2 48. gxf6+ gxf6 49. Kf3 1-0

[Event "Guarenas Martinez Memorial"]
[Site "Guarenas"]
[Date "2012.10.26"]
[Round "2"]
[White "Prasca Sosa, Rafael Felipe"]
[Black "Bassan, Remo"]
[Result "0-1"]
[WhiteElo "2420"]
[BlackElo "2260"]
[PlyCount "80"]
[EventDate "2012.10.25"]
[EventType "swiss"]
[EventRounds "9"]
[EventCountry "VEN"]
[SourceTitle "EXT 2013"]
[Source "ChessBase"]
[SourceDate "2012.11.22"]
[SourceVersion "1"]
[SourceVersionDate "2012.11.22"]
[SourceQuality "1"]

1. e4 c6 2. d4 d5 3. e5 Bf5 4. Be3 e6 5. Nd2 Ne7 6. Ngf3 Nd7 7. Nb3 Bg4 8. h3 Bh5 9. Be2 c5 10. Nxc5 Nxc5 11. dxc5 Bxf3 12. gxf3 Nc6 13. c3 Nxe5 14. Qa4+ Nc6 15. b4 a6 16. Bd4 f6 17. f4 g6 18. Rd1 Kf7 19. Be3 Rc8 20. c4 d4 21. Bf3 e5 22. fxe5 fxe5 23. b5 Qf6 24. Bd5+ Kg7 25. bxc6 dxe3 26. fxe3 bxc6 27. Rf1 Qh4+ 28. Ke2 cxd5 29. Rxd5 Rxc5 30. Rxf8 Rxd5 31. Rxh8 Qh5+ 32. Ke1 Rd3 33. Rg8+ Kxg8 34. Qe8+ Kg7 35. Qe7+ Kh6 36. Qf8+ Kg5 37. Qe7+ Kf5 38. Qf7+ Ke4 39. Qb7+ Kxe3 40. Qb6+ Rd4 0-1

[Event "San Cristobal Bolivar op 1st"]
[Site "San Cristobal"]
[Date "2012.09.30"]
[Round "10"]
[White "Bassan, Remo"]
[Black "Cori Tello, Deysi Estella"]
[Result "1/2-1/2"]
[WhiteElo "2260"]
[BlackElo "2407"]
[PlyCount "84"]
[EventDate "2012.09.25"]
[EventType "swiss"]
[EventRounds "10"]
[EventCountry "VEN"]
[SourceTitle "EXT 2013"]
[Source "ChessBase"]
[SourceDate "2012.11.22"]
[SourceVersion "1"]
[SourceVersionDate "2012.11.22"]
[SourceQuality "1"]

1. e4 e6 2. d4 d5 3. Nc3 Nf6 4. Bg5 Bb4 5. e5 h6 6. Bd2 Bxc3 7. bxc3 Ne4 8. Qg4 g6 9. Bd3 Nxd2 10. Kxd2 c5 11. h4 Nc6 12. h5 g5 13. Ne2 c4 14. Bg6 Qe7 15. f4 Bd7 16. Raf1 fxg6 17. hxg6 0-0-0 18. fxg5 Qg7 19. Rf6 Ne7 20. Nf4 hxg5 21. Rf7 Qg8 22. Rxh8 Qxh8 23. Rxe7 gxf4 24. g7 Qh7 25. Rf7 f3 26. Rxf3 Qh6+ 27. Ke1 Rg8 28. Rf7 Be8 29. Re7 Bh5 30. Qh3 Qg6 31. Kf2 Kb8 32. Kg1 a6 33. a4 a5 34. Kh2 Ka7 35. Qh4 Bd1 36. Qh8 Rb8 37. Rd7 Re8 38. Rd8 Rxd8 39. Qxd8 Qh6+ 40. Kg1 Qe3+ 41. Kh2 Qf4+ 42. Kg1 Qe3+ 1/2-1/2

[Event "San Cristobal Bolivar op 1st"]
[Site "San Cristobal"]
[Date "2012.09.29"]
[Round "9"]
[White "Bassan, Remo"]
[Black "Jimenez, Mayerson"]
[Result "1-0"]
[WhiteElo "2260"]
[BlackElo "2003"]
[PlyCount "121"]
[EventDate "2012.09.25"]
[EventType "swiss"]
[EventRounds "10"]
[EventCountry "VEN"]
[SourceTitle "EXT 2013"]
[Source "ChessBase"]
[SourceDate "2012.11.22"]
[SourceVersion "1"]
[SourceVersionDate "2012.11.22"]
[SourceQuality "1"]

1. Nf3 c5 2. g3 d5 3. Bg2 Nc6 4. 0-0 e5 5. d3 Bd6 6. Nbd2 Nge7 7. e4 d4 8. c3 0-0 9. cxd4 cxd4 10. Nc4 Be6 11. b3 b5 12. Nxd6 Qxd6 13. Ng5 Bd7 14. f4 f6 15. Nf3 exf4 16. gxf4 Ng6 17. Kh1 Nxf4 18. Bxf4 Qxf4 19. Nxd4 Qe3 20. Nc2 Qb6 21. d4 Rad8 22. Rc1 f5 23. d5 Ne5 24. exf5 Rxf5 25. Rxf5 Bxf5 26. Qd4 Ng4 27. Qxb6 axb6 28. Nd4 Be4 29. Bxe4 Nf2+ 30. Kg2 Nxe4 31. Nc6 Rd7 32. Ne5 Rd8 33. Kf3 Ng5+ 34. Kf4 Nf7 35. Nxf7 Kxf7 36. Rc7+ Kf6 37. Rc6+ Kf7 38. Ke5 Re8+ 39. Re6 Rxe6+ 40. dxe6+ Ke7 41. a3 g6 42. b4 g5 43. Kf5 g4 44. Kxg4 Kxe6 45. Kg5 Kd5 46. Kh6 Kc4 47. Kxh7 Kb3 48. h4 Kxa3 49. h5 Kxb4 50. h6 Ka3 51. Kg6 b4 52. h7 b3 53. h8Q b2 54. Qc3+ Ka2 55. Qc4+ Ka1 56. Qa6+ Kb1 57. Qxb6 Kc2 58. Qc5+ Kd1 59. Qd4+ Kc2 60. Qc4+ Kd2 61. Qb3 1-0

[Event "San Cristobal Bolivar op 1st"]
[Site "San Cristobal"]
[Date "2012.09.28"]
[Round "7"]
[White "Bassan, Remo"]
[Black "Balza Rodriguez, Oswaldo de Jesus"]
[Result "1-0"]
[WhiteElo "2260"]
[BlackElo "2077"]
[PlyCount "99"]
[EventDate "2012.09.25"]
[EventType "swiss"]
[EventRounds "10"]
[EventCountry "VEN"]
[SourceTitle "EXT 2013"]
[Source "ChessBase"]
[SourceDate "2012.11.22"]
[SourceVersion "1"]
[SourceVersionDate "2012.11.22"]
[SourceQuality "1"]

1. Nf3 d5 2. g3 g6 3. Bg2 Bg7 4. 0-0 e5 5. d3 Ne7 6. Nbd2 0-0 7. c3 c5 8. e4 d4 9. cxd4 cxd4 10. b4 b5 11. Nb3 Nbc6 12. Bd2 Qd6 13. a3 f5 14. Nc5 h6 15. h3 f4 16. Kh2 g5 17. g4 a5 18. Nb3 a4 19. Na5 Nxa5 20. bxa5 Nc6 21. Qb1 Be6 22. Rc1 Bb3 23. Qb2 Rfc8 24. Ne1 b4 25. axb4 Nxb4 26. Rxc8+ Rxc8 27. Bf3 Nxd3 28. Nxd3 Rc2 29. Qa3 Qxa3 30. Rxa3 Rxd2 31. a6 Rc2 32. Bd1 Rc8 33. Rxb3 axb3 34. Bxb3+ Kf8 35. Bd5 Ke7 36. a7 Kd8 37. a8Q Rxa8 38. Bxa8 Kc7 39. Kg2 Kb6 40. Kf3 Kb5 41. Bd5 Bf6 42. Ke2 Bg7 43. Kd2 Bf6 44. Kc2 Bg7 45. Kb3 Bf6 46. Bf7 Kc6 47. Kc4 Kd6 48. Kb5 Bd8 49. f3 Bf6 50. Nb2 1-0

[Event "San Cristobal Bolivar op 1st"]
[Site "San Cristobal"]
[Date "2012.09.27"]
[Round "4"]
[White "Ramos Pastrana, Jorge Eduardo"]
[Black "Bassan, Remo"]
[Result "0-1"]
[WhiteElo "2064"]
[BlackElo "2260"]
[PlyCount "114"]
[EventDate "2012.09.25"]
[EventType "swiss"]
[EventRounds "10"]
[EventCountry "VEN"]
[SourceTitle "EXT 2013"]
[Source "ChessBase"]
[SourceDate "2012.11.22"]
[SourceVersion "1"]
[SourceVersionDate "2012.11.22"]
[SourceQuality "1"]

1. d4 Nf6 2. Nf3 e6 3. e3 b6 4. Bd3 Bb7 5. c4 Be7 6. Nc3 d5 7. cxd5 exd5 8. 0-0 0-0 9. Re1 c5 10. a3 Nbd7 11. e4 cxd4 12. Nxd4 Ne5 13. exd5 Nxd3 14. Qxd3 Nxd5 15. Nf5 Bf6 16. Ne4 Re8 17. Bd2 Bxb2 18. Rad1 Be5 19. Ned6 Bxd6 20. Rxe8+ Qxe8 21. Nxd6 Qc6 22. Nxb7 Qxb7 23. Re1 Rd8 24. Qb5 Nc7 25. Qb2 Ne6 26. Be3 Qd5 27. h3 h6 28. Qb4 Qd6 29. Qa4 Qd7 30. Qg4 Nd4 31. Qxd7 Rxd7 32. Bxd4 Rxd4 33. Re3 Kf8 34. Kf1 Rd2 35. g4 Rb2 36. Kg2 a5 37. Kf3 a4 38. Re4 Rb3+ 39. Ke2 b5 40. Re5 Rxh3 41. Rxb5 Rxa3 42. Rb7 Rb3 43. Ra7 a3 44. Kf1 g6 45. Kg2 Kg7 46. Ra6 h5 47. g5 Kf8 48. Ra7 Ke8 49. f3 Rb2+ 50. Kg3 a2 51. Kf4 Kf8 52. Kg3 Rc2 53. Kf4 Rg2 54. Ke3 h4 55. f4 h3 56. Kf3 Rb2 57. Kg3 h2 0-1

[Event "San Cristobal Bolivar op 1st"]
[Site "San Cristobal"]
[Date "2012.09.25"]
[Round "1"]
[White "Bassan, Remo"]
[Black "Perdomo Arvelaez, Juan Jose"]
[Result "1-0"]
[WhiteElo "2260"]
[BlackElo "2121"]
[PlyCount "41"]
[EventDate "2012.09.25"]
[EventType "swiss"]
[EventRounds "10"]
[EventCountry "VEN"]
[SourceTitle "EXT 2013"]
[Source "ChessBase"]
[SourceDate "2012.11.22"]
[SourceVersion "1"]
[SourceVersionDate "2012.11.22"]
[SourceQuality "1"]

1. e4 c5 2. Nf3 Nc6 3. Nc3 g6 4. g3 Bg7 5. Bg2 d6 6. 0-0 e5 7. Nh4 Nf6 8. d3 0-0 9. f4 exf4 10. Bxf4 Nh5 11. Be3 Re8 12. Qd2 Bd4 13. Rf2 Bxe3 14. Qxe3 f5 15. Qh6 f4 16. Nxg6 hxg6 17. Qxg6+ Ng7 18. gxf4 Be6 19. f5 Bf7 20. Qh6 Ne5 21. Bh3 1-0

[Event "Buenos Aires Legislatura op 4th"]
[Site "Buenos Aires"]
[Date "2011.12.06"]
[Round "8"]
[White "Bassan, Remo"]
[Black "Liascovich, Lucas Agustin"]
[Result "0-1"]
[WhiteElo "2255"]
[BlackElo "2422"]
[PlyCount "48"]
[EventDate "2011.11.29"]
[EventType "swiss"]
[EventRounds "9"]
[EventCountry "ARG"]
[SourceTitle "EXT 2014"]
[Source "ChessBase"]
[SourceDate "2013.11.20"]
[SourceVersion "1"]
[SourceVersionDate "2013.11.20"]
[SourceQuality "1"]

1. e4 e5 2. Nf3 Nc6 3. Bc4 Bc5 4. 0-0 Nf6 5. d3 a6 6. c3 Ba7 7. Bg5 h6 8. Bh4 d6 9. h3 g5 10. Nxg5 hxg5 11. Bxg5 Rg8 12. h4 Qe7 13. Nd2 Bd7 14. Qf3 Rxg5 15. hxg5 Ng4 16. Rad1 0-0-0 17. Qxf7 Qxg5 18. Be6 Qh4 19. Bxg4 Bxg4 20. Nf3 Qh6 21. Rfe1 Rf8 22. Qb3 Bxf3 23. gxf3 Qh3 24. d4 Rh8 0-1

[Event "Buenos Aires Legislatura op 4th"]
[Site "Buenos Aires"]
[Date "2011.12.04"]
[Round "6"]
[White "Bassan, Remo"]
[Black "Tristan, Leonardo"]
[Result "0-1"]
[WhiteElo "2255"]
[BlackElo "2441"]
[PlyCount "56"]
[EventDate "2011.11.29"]
[EventType "swiss"]
[EventRounds "9"]
[EventCountry "ARG"]
[SourceTitle "EXT 2014"]
[Source "ChessBase"]
[SourceDate "2013.11.20"]
[SourceVersion "1"]
[SourceVersionDate "2013.11.20"]
[SourceQuality "1"]

1. e4 e5 2. Nf3 Nc6 3. Bb5 a6 4. Ba4 Nf6 5. d3 d6 6. c3 g6 7. Nbd2 Bg7 8. Nf1 0-0 9. Ng3 Bd7 10. 0-0 Qe8 11. Re1 Kh8 12. Bc2 Ng8 13. d4 Bg4 14. d5 Nce7 15. h3 Bxf3 16. Qxf3 f5 17. exf5 gxf5 18. Nh5 Bh6 19. Ng3 e4 20. Nxe4 fxe4 21. Qxe4 Qf7 22. Bxh6 Nxh6 23. Qd4+ Kg8 24. Re6 Nhf5 25. Qe4 Ng6 26. Re1 Ng7 27. f4 Qxf4 28. Qxf4 Rxf4 0-1

[Event "Latin Cup"]
[Site "Montevideo"]
[Date "2011.11.05"]
[Round "7"]
[White "Claverie, Raul Ricardo"]
[Black "Bassan, Remo"]
[Result "1/2-1/2"]
[WhiteElo "2483"]
[BlackElo "2255"]
[PlyCount "38"]
[EventDate "2011.11.01"]
[EventType "swiss"]
[EventRounds "9"]
[EventCountry "URU"]
[SourceTitle "EXT 2012"]
[Source "ChessBase"]
[SourceDate "2011.11.24"]
[SourceVersion "1"]
[SourceVersionDate "2011.11.24"]
[SourceQuality "1"]

1. f4 d5 2. Nf3 g6 3. e3 Bg7 4. c3 Nf6 5. d4 0-0 6. Bd3 b6 7. Qe2 Bb7 8. Nbd2 Nbd7 9. 0-0 e6 10. Ne5 c5 11. b3 Rc8 12. Bb2 Ne8 13. Rac1 Nd6 14. c4 dxc4 15. bxc4 cxd4 16. exd4 Nf5 17. Bxf5 exf5 18. Qe3 Re8 19. Qf2 Nf6 1/2-1/2

[Event "Banfield Bolbochan Memorial 3rd"]
[Site "Banfield"]
[Date "2011.08.31"]
[Round "3"]
[White "Bassan, Remo"]
[Black "Barrionuevo, Pablo"]
[Result "1-0"]
[WhiteElo "2356"]
[BlackElo "2314"]
[PlyCount "101"]
[EventDate "2011.08.29"]
[EventType "tourn"]
[EventRounds "9"]
[EventCountry "ARG"]
[EventCategory "3"]
[SourceTitle "CBM 144 Extra"]
[Source "ChessBase"]
[SourceDate "2011.10.28"]
[SourceVersion "1"]
[SourceVersionDate "2011.10.28"]
[SourceQuality "1"]

1. e4 d6 2. d4 Nf6 3. Nc3 g6 4. Bg5 Bg7 5. Qd2 h6 6. Bh4 g5 7. Bg3 Nh5 8. 0-0-0 Nc6 9. Qe3 Bd7 10. Be2 Nf4 11. d5 Ne5 12. Bxf4 gxf4 13. Qxf4 c5 14. Qe3 b5 15. f4 h5 16. Kb1 Nc4 17. Bxc4 bxc4 18. e5 Kf8 19. Nf3 Rb8 20. Rde1 Rh6 21. Nd1 Bf5 22. Qd2 dxe5 23. fxe5 Rhb6 24. Rhf1 c3 25. Qxc3 Qxd5 26. Nd2 Bg6 27. Nc4 Rb4 28. Rf4 Qxg2 29. Nde3 Qxh2 30. Ref1 Rd8 31. a3 Rbb8 32. R4f2 Qh3 33. Rf3 Qe6 34. Nf5 Bxf5 35. Rxf5 Rd1+ 36. Rxd1 Qxf5 37. Qa5 Qc8 38. Qxa7 Ke8 39. Nb6 Rxb6 40. Qxb6 Bxe5 41. Rg1 Kd7 42. Qb5+ Kd6 43. Rd1+ Bd4 44. c3 Qf5+ 45. Qd3 Qxd3+ 46. Rxd3 Kd5 47. cxd4 cxd4 48. Kc2 e5 49. Rh3 f5 50. Rxh5 Ke4 51. Kd2 1-0

[Event "Buenos Aires Grafica Yael-B 2nd"]
[Site "Buenos Aires"]
[Date "2011.07.16"]
[Round "4"]
[White "Paveto, Kevin"]
[Black "Bassan, Remo"]
[Result "1/2-1/2"]
[WhiteElo "2189"]
[BlackElo "2356"]
[PlyCount "166"]
[EventDate "2011.07.13"]
[EventType "tourn"]
[EventRounds "9"]
[EventCountry "ARG"]
[EventCategory "3"]
[SourceTitle "EXT 2014"]
[Source "ChessBase"]
[SourceDate "2013.11.20"]
[SourceVersion "1"]
[SourceVersionDate "2013.11.20"]
[SourceQuality "1"]

1. e4 c5 2. Nf3 e6 3. d4 cxd4 4. Nxd4 a6 5. Nc3 Qc7 6. Be2 Nc6 7. Nb3 b5 8. 0-0 Nf6 9. a3 Bb7 10. f4 d6 11. Bf3 Be7 12. Be3 0-0 13. Qd2 Rfe8 14. Rad1 Rac8 15. Qf2 Nd7 16. Qg3 Nb6 17. Kh1 Nc4 18. Bc1 Kh8 19. Bg4 Bf6 20. Qh3 Ne7 21. Nd4 Rcd8 22. Rf3 Bxd4 23. Rxd4 d5 24. Qh5 Ng8 25. e5 g6 26. Qh4 Qe7 27. Qe1 Nh6 28. Bh3 Nf5 29. Bxf5 gxf5 30. Ne2 Rg8 31. Rh3 Rc8 32. Ng3 Nb6 33. c3 Nd7 34. Be3 Rg6 35. Qe2 Rg4 36. Nh5 Rcg8 37. Qf3 Ba8 38. Bf2 Qd8 39. Bg3 R8g6 40. Qf2 Qg8 41. Rd2 Bc6 42. Qd4 Qd8 43. Qa7 Qc8 44. Nf6 Nxf6 45. exf6 Kg8 46. Qe7 Qd7 47. Qc5 Rxf6 48. Bh4 Rfg6 49. Qd4 Qe8 50. Bf6 e5 51. Bxe5 f6 52. Re3 fxe5 53. Rxe5 Re6 54. Rde2 Rgg6 55. Qd3 Rxe5 56. Rxe5 Re6 57. Qxf5 Rxe5 58. fxe5 Qf7 59. Qc8+ Be8 60. Kg1 Qa7+ 61. Kh1 Qd7 62. Qxa6 Qf5 63. h3 Qxe5 64. Qc8 Kf7 65. Kg1 Qe6 66. Qc7+ Bd7 67. Kh1 Kf6 68. Qf4+ Qf5 69. Qh6+ Kf7 70. Qd6 Be6 71. Qc7+ Kg6 72. Qg3+ Qg5 73. Qd3+ Kh6 74. Qxb5 Qc1+ 75. Kh2 Qf4+ 76. Kh1 Qe4 77. Kh2 Kg5 78. Qb6 Kf4 79. a4 Kf5 80. a5 Qe5+ 81. Kg1 Qe1+ 82. Kh2 Qe5+ 83. Kg1 Qe1+ 1/2-1/2

[Event "Buenos Aires Grafica Yael-B 2nd"]
[Site "Buenos Aires"]
[Date "2011.07.14"]
[Round "2"]
[White "Barrionuevo, Pablo"]
[Black "Bassan, Remo"]
[Result "0-1"]
[WhiteElo "2314"]
[BlackElo "2356"]
[PlyCount "90"]
[EventDate "2011.07.13"]
[EventType "tourn"]
[EventRounds "9"]
[EventCountry "ARG"]
[EventCategory "3"]
[SourceTitle "EXT 2014"]
[Source "ChessBase"]
[SourceDate "2013.11.20"]
[SourceVersion "1"]
[SourceVersionDate "2013.11.20"]
[SourceQuality "1"]

1. d4 d5 2. c4 c6 3. Nf3 Nf6 4. e3 Bg4 5. Qb3 Qb6 6. Nc3 e6 7. Nh4 Nbd7 8. h3 Bh5 9. Bd2 Be7 10. g4 Bg6 11. Nxg6 hxg6 12. Bg2 Qa6 13. cxd5 exd5 14. g5 Nh7 15. h4 Nhf8 16. 0-0-0 Ne6 17. Kb1 0-0-0 18. f4 f5 19. Bf3 Nxd4 20. exd4 Qd3+ 21. Qc2 Qxf3 22. Rdf1 Qh5 23. Nxd5 Bd6 24. Ne3 Kb8 25. Ba5 Nb6 26. d5 Rhe8 27. Rh3 Rc8 28. Bxb6 axb6 29. Qd3 Bc5 30. dxc6 Rcd8 31. c7+ Kxc7 32. Qc2 Kb8 33. Nc4 Re2 34. Qb3 Re4 35. Rd3 Rxd3 36. Qxd3 Rd4 37. Qb3 Qe2 38. Rc1 Qe4+ 39. Ka1 Qxf4 40. Qc3 Bb4 41. Qc2 b5 42. Nb6 Ba5 43. Qc8+ Ka7 44. Na8 Rc4 45. Rxc4 Qxc4 0-1

[Event "Pan American-ch U18"]
[Site "Cali"]
[Date "2011.07.07"]
[Round "7"]
[White "Diaz Rosas, Julio Cesar"]
[Black "Bassan, Remo"]
[Result "0-1"]
[WhiteElo "2084"]
[BlackElo "2356"]
[PlyCount "41"]
[EventDate "2011.07.03"]
[EventType "swiss"]
[EventRounds "9"]
[EventCountry "COL"]
[SourceTitle "CBM 143 Extra"]
[Source "ChessBase"]
[SourceDate "2011.08.29"]
[SourceVersion "1"]
[SourceVersionDate "2011.08.29"]
[SourceQuality "1"]

1. e4 c5 2. Nf3 Nc6 3. Bc4 e6 4. d4 cxd4 5. Nxd4 Nf6 6. Nc3 Qc7 7. Bb3 a6 8. Nxc6 dxc6 9. Qe2 e5 10. 0-0 b5 11. h3 Bb7 12. Bg5 Nd7 13. Qh5 Nc5 14. Rfe1 h6 15. Rad1 Nxb3 16. axb3 Rg8 17. Bh4 g5 18. Bg3 Bc8 19. Re3 Be6 20. b4 Rg6 21. Nd5 0-1

[Event "Buenos Aires Bolivar op 4th"]
[Site "Buenos Aires"]
[Date "2011.06.23"]
[Round "9"]
[White "Tokman, Ariel"]
[Black "Bassan, Remo"]
[Result "1/2-1/2"]
[WhiteElo "2207"]
[BlackElo "2337"]
[PlyCount "138"]
[EventDate "2011.06.13"]
[EventType "swiss"]
[EventRounds "9"]
[EventCountry "ARG"]
[SourceTitle "EXT 2014"]
[Source "ChessBase"]
[SourceDate "2013.11.20"]
[SourceVersion "1"]
[SourceVersionDate "2013.11.20"]
[SourceQuality "1"]

1. c4 Nf6 2. Nc3 c6 3. d4 d5 4. e3 e6 5. Nf3 dxc4 6. Bxc4 c5 7. 0-0 Nc6 8. a3 cxd4 9. exd4 Be7 10. Bf4 0-0 11. Re1 a6 12. d5 exd5 13. Bxd5 Bc5 14. Bg5 h6 15. Bxf6 gxf6 16. Qd2 Kg7 17. Ne4 Be7 18. Ng3 f5 19. Rad1 Be6 20. Qc3+ Bf6 21. Nh5+ Kg6 22. Nf4+ Kh7 23. Qc2 Qc7 24. Nxe6 fxe6 25. Rxe6 Bg7 26. Bxc6 Rac8 27. Rdd6 bxc6 28. Rxc6 Qd7 29. Rxc8 Qxc8 30. Rc6 Qd7 31. g3 Qd5 32. Nh4 Bxb2 33. Rc5 Qa2 34. Rc7+ Kg8 35. Nxf5 Rf6 36. Ne3 Rf7 37. Qg6+ Bg7 38. Qxf7+ Qxf7 39. Rxf7 Kxf7 40. Kf1 Bf8 41. a4 Ke6 42. Ke2 Kd6 43. Kd3 Kc5 44. Kc3 Bg7+ 45. Kb3 Bf8 46. Nf5 Kd5 47. f3 Ke5 48. Nh4 Kd4 49. Ng6 Bc5 50. f4 Ke4 51. Ne5 h5 52. Nd7 Bg1 53. Nf6+ Kf5 54. Nxh5 Bxh2 55. Kb4 Kg4 56. Nf6+ Kf5 57. Nh5 Kg4 58. Nf6+ Kf5 59. Nd5 Bxg3 60. Kc5 Bh2 61. Kb6 Ke6 62. Kc6 Kf5 63. Kb7 Ke4 64. Nb4 a5 65. Nc6 Bxf4 66. Kb6 Kd5 67. Nxa5 Be3+ 68. Kb5 Bd4 69. Nc6 Kd6 1/2-1/2